000 00801nam a2200241 i 4500
001 bg
100 1 _aPAŁASIŃSKI, Zbigniew
245 1 0 _aZasady odwzorowań utworów przestrzennych na płaszczyźnie rysunku :
_bskrypt dla studentów wyższych szkół technicznych.Cz. /
_cZbigniew Pałasiński ; Politechnika Krakowska im. Tadeusza Kościuszki
_n2.
250 _aWyd. 5.
260 _aKraków :
_bPK,
_c1999.
300 _a145 s. :
_bil. ;
_c24 cm.
504 _aBibliogr.
650 9 _aGeometria wykreślna
655 _aPodręczniki akademickie
710 0 _aPolitechnika Krakowska im. Tadeusza Kościuszki
020 _a837242084X
040 _cBPK
041 0 _apl
080 _a514.18(075.8)
920 _a83-7242-084-X
942 _cKS
008 s pl f |000 0 pol
999 _c37679
_d37679
856 _uhttp://koha.tu.koszalin.pl/cgi-bin/koha/opac-detail.pl?biblionumber=37679
_yKatalog online BPK